| 000 | 00763cam a2200241 4500 | ||
|---|---|---|---|
| 001 | WB3727-13 | ||
| 008 | 000000n2001 000 0 eng u | ||
| 035 | _a(Sirsi) u113562 | ||
| 245 | _aRent notice doubts "will not go away" | ||
| 260 | _c2001 | ||
| 490 |
_aHousing Today _v 5 July 2001, 3(1) |
||
| 520 | _aDiscusses the continuing uncertainty over the validity of rent notices for certain tenancies, and whether registered socal landlords will have to repay rent increases. | ||
| 590 | _aWB | ||
| 650 | _aRENT INCREASES | ||
| 650 | _aVALIDITY | ||
| 650 | _aLAW FIRMS | ||
| 650 | _aNOTICES | ||
| 650 | _aREGISTERED SOCIAL LANDLORDS | ||
| 650 | _aNATIONAL HOUSING FEDERATION | ||
| 650 | _aHOUSING CORPORATION | ||
| 690 | _aHOUSING | ||
| 942 | _n0 | ||
| 999 |
_c67654 _d67654 |
||